000
00301pam a2200133 a 4500
020
_c
041
_a
eng
082
_a
530.3
_b
PIT
100
_a
Pitt , V.H .
245
_a
Dictionary of Physics
_h
Textual Documents
260
_a
New York
_b
Penguin Books Ltd
_c
1984
300
_a
428p.
930
_a
18541
999
_c
95441
_d
95441